Unzureichende Indikatoreigenschaften der Geldmenge: Konsequenzen für die geldpolitische Strategie der EZB (Record no. 5686)

MARC details
000 -LEADER
fixed length control field 00613nam a22002177i 4500
001 - CONTROL NUMBER
control field 5997
003 - CONTROL NUMBER IDENTIFIER
control field OSt
005 - DATE AND TIME OF LATEST TRANSACTION
control field 20181119124230.0
007 - PHYSICAL DESCRIPTION FIXED FIELD--GENERAL INFORMATION
fixed length control field tu
008 - FIXED-LENGTH DATA ELEMENTS--GENERAL INFORMATION
fixed length control field 161220s1999 xxu||||| |||| 00| 0 d
020 ## - INTERNATIONAL STANDARD BOOK NUMBER
International Standard Book Number 3930963558
024 7# - OTHER STANDARD IDENTIFIER
Standard number or code 5997
Source of number or code RID
024 7# - OTHER STANDARD IDENTIFIER
Standard number or code 5997
Source of number or code RSN (alt)
040 ## - CATALOGING SOURCE
Transcribing agency OSt
100 1# - MAIN ENTRY--PERSONAL NAME
Personal name Schumacher, Christian
245 00 - TITLE STATEMENT
Title Unzureichende Indikatoreigenschaften der Geldmenge: Konsequenzen für die geldpolitische Strategie der EZB
260 ## - PUBLICATION, DISTRIBUTION, ETC.
Place of publication, distribution, etc. Halle :
Name of publisher, distributor, etc. Institut für Wirtschaftsforschung Halle IWH,
Date of publication, distribution, etc. 1999.
490 ## - SERIES STATEMENT
Series statement IWH Forschungsreihe
Volume/sequential designation 9
700 1# - ADDED ENTRY--PERSONAL NAME
Personal name Tober, Silke
942 ## - ADDED ENTRY ELEMENTS (KOHA)
Koha item type Paper
Holdings
Withdrawn status Lost status Damaged status Not for loan Home library Current library Shelving location Date acquired Inventory number Total Checkouts Barcode Date last seen Price effective from Koha item type
        WIIW WIIW Library 08/04/2004 5997   10001435 01/26/2017 01/26/2017 Paper
The Vienna Instiute for International Economic Studies (wiiw)